000 00598nam a22002057a 4500
003 OSt
005 20140310182443.0
008 130803t xxu||||| |||| 00| 0 eng d
020 _a978076372836
050 _aRG 950
_b.P76 2007
100 _aAment, Lynette A.
_99232
245 _aProfesional issues in Midwifery /
_cLynette A Ament.
260 _aMassachussetts :
_bJ & B publishers
_cc2007.
300 _a359 p. :
_bill. ;
_c25 cm.
650 _aMidwifery
_xUnited states
_97474
650 _aChildbirth
_xUnited states
_97475
942 _2lcc
_cSSLC
999 _c13551
_d13551